00421nam a2200157Ia 4500008004100000082002700041100002100068245005100089250001800140260001000158260003100168260000900199300001000208650001800218650002700236251023s9999 xx 000 0 und d a306.368 D131s 1971 HNA aDahrendorf, Ralf 0a Sociología de la industria y de la empresa. a2a. edición aUTEHA bDistrito Federal, México c1971 a172p. aCooperación aDivisión del trabajo